000
00313nam a2200121Ia 4500
008
191201s2012 xx 000 0 und d
100
_a
SAWARA, Anil
245
0
_a
Haryanvi Naritaya Geet: Ek Adhyan
260
_a
N. Delhi
_b
Haryana Granth Academy
_c
2012
300
_a
93
650
_a
General Books
942
_2
ddc
_c
BK
999
_c
6724
_d
6724